ORGANIZATIONAL BEHAVIOR (Record no. 9105)
[ view plain ]
| 000 -LEADER | |
|---|---|
| fixed length control field | 01470nam a22001697a 4500 |
| 003 - CONTROL NUMBER IDENTIFIER | |
| control field | SGT |
| 020 ## - INTERNATIONAL STANDARD BOOK NUMBER | |
| International Standard Book Number | 9780070635524 |
| 082 ## - DEWEY DECIMAL CLASSIFICATION NUMBER | |
| Classification number | 658.1, NEW |
| 100 ## - MAIN ENTRY--PERSONAL NAME | |
| Personal name | NEWSTOM, JOHAN W |
| 245 ## - TITLE STATEMENT | |
| Title | ORGANIZATIONAL BEHAVIOR |
| Remainder of title | HUMAN BEHAVIOR AT WORK |
| 250 ## - EDITION STATEMENT | |
| Edition statement | 12TH |
| 260 ## - PUBLICATION, DISTRIBUTION, ETC. (IMPRINT) | |
| Place of publication, distribution, etc | NEW DELHI |
| Name of publisher, distributor, etc | TMH |
| Year of Publication | 2007 |
| 300 ## - PAGE DESCRIPTION | |
| No. of Pages | 528 |
| 650 ## - SUBJECT ADDED ENTRY--TOPICAL TERM | |
| Topical term or geographic name as entry element | MANAGEMENT |
| 700 ## - ADDED ENTRY--PERSONAL NAME | |
| Personal name | PART I : FUNDAMENTALS OF ORGANIZATIONAL BEHAVIOR CHAPTER 1 THE DYNAMICS OF PEOPLE AND ORGANIZATIONS CHAPTER 2 MODELS OF ORGANIZATIONAL BEHAVIOR CHAPTER 3 MANAGING COMMUNICATIONS CHAPTER 4 SOCIAL SYSTEMS AND ORGANIZATIONAL CULTURE PART II : MOTIVATION AND REWARD SYSTEMS CHAPTER 5 MOTIVATION CHAPTER 6 APPRAISING AND REWARDING PERFORMANCE PART III : LEADERSHIP AND EMPOWERMENT CHAPTER 7 LEADERSHIP CHAPTER 8 EMPOWERMENT AND PARTICIPATION PART IV : INDIVIDUAL AND INTERPERSONAL BEHAVIOR CHAPTER 9 EMPLOYEE ATTITUDES AND THEIR EFFECTS CHAPTER 10 ISSUES BETWEEN ORGANIZATIONS AND INDIVIDUALS CHAPTER 11 INTERPERSONAL BEHAVIOR PART V : GROUP BEHAVIOR CHAPTER 12 INFORMAL AND FORMAL GROUPS CHAPTER 13 TEAMS AND TEAM BUILDING PART VI : CHANGE AND ITS EFFECTS CHAPTER 14 MANAGING CHANGE CHAPTER 15 STRESS AND COUNSELING PART VII : EMERGING ASPECTS OF ORGANIZATIONAL BEHAVIOR CHAPTER 16 ORGANIZATIONAL BEHAVIOR ACROSS CULTURES PART VIII : CASE PROBLEMS GLOSSARY APPENDIX A: PERSONAL DEVELOPMENT PLAN REFERENCES NAME INDEX SUBJECT INDEX BECAUSE LEARNING CHANGES EVERYTHING.™ |
| 942 ## - ADDED ENTRY ELEMENTS (KOHA) | |
| Source of classification or shelving scheme | Dewey Decimal Classification |
| Koha item type | FCM Books |
No items available.